Detalles MARC
| 000 -LÍDER |
| Campo fijo de descripción fija |
01999nam a22004214i 4500 |
| 001 - NÚMERO DE CONTROL |
| Campo de control |
19523611 |
| 003 - IDENTIFICADOR DEL NÚMERO DE CONTROL |
| Campo de control |
CO-MdFUSB |
| 005 - FECHA Y HORA DE LA ULTIMA TRANSACCIÓN |
| control field |
20180119083339.0 |
| 008 - ELEMENTOS DE LONGITUD FIJA -- INFORMACIÓN GENERAL |
| Campo fijo de descripción fija -- Información general |
170226t2017 nyu f b 001 0 eng |
| 010 ## - NÚMERO DE CONTROL DE LA BIBLIOTECA DEL CONGRESO |
| Número de control LC |
2017008509 |
| 020 ## - NÚMERO INTERNACIONAL NORMALIZADO PARA LIBROS |
| Número Internacional Normalizado del libro |
9781350030312 (hb) |
| 020 ## - NÚMERO INTERNACIONAL NORMALIZADO PARA LIBROS |
| Cancelado / ISBN no válido |
9781350030336 (epub) |
| 040 ## - FUENTE DE CATALOGACIÓN |
| Agencia de catalogación original |
DLC |
| Idioma de catalogación |
spa |
| Convenciones de la descripción |
rda |
| Agencia que realiza la transcripción |
CO-MdFUSB |
| Agencia que realiza la modificación |
CO-MdFUSB |
| 041 ## - CÓDIGO DE IDIOMA |
| Código de idioma para texto/pista de sonido o título separado |
eng |
| 042 ## - AUTHENTICATION CODE |
| Authentication code |
pcc |
| 082 00 - NÚMERO DE CLASIFICACIÓN DECIMAL DEWEY |
| Número de la edición del Dewey |
24 |
| Número de clasificación |
G 200.19 |
| Clave de autor-Numero de item |
M478p |
| 100 1# - ASIENTO PRINCIPAL--NOMBRE PERSONAL |
| Nombre personal |
McCauley, Robert N., |
| Término relacionador |
author |
| 242 10 - TRADUCCIÓN DEL TÍTULO POR AGENCIA CATALOGADORA |
| Título |
Fundamentos filosóficos de la ciencia cognitiva de la religión |
| Parte restante del título - Subtítulo |
: una ventaja |
| Idioma del título original |
Inglés |
| 245 10 - TÍTULO |
| Título del Material |
Philosophical foundations of the cognitive science of religion |
| Parte restante del título - Subtitulo |
: a head start |
| Mención de responsabilidad, etc. |
/ Robert N. McCauley, con E. Thomas Lawson |
| 263 ## - PROJECTED PUBLICATION DATE |
| Projected publication date |
1709 |
| 264 #1 - PRODUCCIÓN, PUBLICACIÓN, DISTRIBUCIÓN, MANUFACTURA, Y COPYRIGHT |
| Lugar de producción, publicación, distribución, manufactura |
New York : |
| Nombre del productor, publicador, distribuidor |
Bloomsbury Academic, |
| Fecha de producción, publicación, distribución, manufactura, o copyright |
℗2017 |
| 264 #4 - PRODUCCIÓN, PUBLICACIÓN, DISTRIBUCIÓN, MANUFACTURA, Y COPYRIGHT |
| Fecha de producción, publicación, distribución, manufactura, o copyright |
©2017 |
| 300 ## - DESCRIPCIÓN FÍSICA |
| Extensión |
179 páginas : |
| Otros detalles físicos |
: |
| Dimensiones |
; |
| 336 ## - TIPO DE CONTENIDO |
| Fuente |
rdacontent |
| Término de tipo de contenido |
texto |
| Código de tipo de contenido |
txt |
| 337 ## - TIPO DE MEDIO |
| Fuente |
rdamedia |
| Nombre del tipo de medio |
sin mediación |
| Código del tipo de medio |
n |
| 338 ## - TIPO DE SOPORTE |
| Fuente |
rdacarrier |
| Nombre del tipo de soporte |
volumen |
| Código Tipo de soporte |
nc |
| 490 0# - MENCIÓN DE SERIE |
| Mención de serie |
Scientific studies of religion: inquiry and explanation |
| 501 ## - NOTA DE “CON” |
| Nota de Contenido |
Incluye índice (p. 171- 179) |
| 504 ## - NOTA DE BIBLIOGRAFÍA, ETC. |
| Nota de bibliografía, etc |
Bibñliografía (p. 155- 170) |
| 505 0# - NOTA DE CONTENIDO |
| Nota de contenido con formato preestablecido |
El pluralismo explicativo y la ciencia cognitiva de la religión: o por qué los académicos en estudios religiosos deberían dejar de preocuparse por el reduccionismo -- Interpretación y explicación: problemas y promesas en el estudio de la religión --<br/> Crisis de conciencia, acertijo de la identidad: hacer espacio para un enfoque cognitivo de los fenómenos religiosos -- ¿A quién pertenece la cultura? -- Superando las barreras a una psicología cognitiva de la religión -- Veinticinco años en: hallazgos empíricos históricos en la ciencia cognitiva de la religión |
| 650 #7 - ASIENTO SECUNDARIO DE MATERIA - TERMINO TEMÁTICO |
| Término temático o nombre geográfico como elemento de entrada |
Religión |
| 9 (RLIN) |
385 |
| 650 #7 - ASIENTO SECUNDARIO DE MATERIA - TERMINO TEMÁTICO |
| Término temático o nombre geográfico como elemento de entrada |
Religión y cultura |
| 9 (RLIN) |
388 |
| 906 ## - LOCAL DATA ELEMENT F, LDF (RLIN) |
| a |
7 |
| b |
cbc |
| c |
orignew |
| d |
1 |
| e |
ecip |
| f |
20 |
| g |
y-gencatlg |
| 942 ## - TIPO DE MATERIAL (KOHA) |
| Tipo de Item KOHA |
Libros General |